Making of Clean India/ (Record no. 2155)

MARC details
000 -LEADER
fixed length control field 00622 a2200217 4500
003 - CONTROL NUMBER IDENTIFIER
control field NLI
005 - DATE AND TIME OF LATEST TRANSACTION
control field 20220526123507.0
008 - FIXED-LENGTH DATA ELEMENTS--GENERAL INFORMATION
fixed length control field 220505b2020 ii ||||| |||| 00| 0 eng d
020 ## - INTERNATIONAL STANDARD BOOK NUMBER
International Standard Book Number 9789383913732
Terms of availability Rs 800.00
040 ## - CATALOGING SOURCE
Transcribing agency Processing (English) Division
082 ## - DEWEY DECIMAL CLASSIFICATION NUMBER
Edition number 23rd ed.
Classification number E 303.30954
Item number K 96 m
100 ## - MAIN ENTRY--PERSONAL NAME
Personal name Kumar, Praveen
9 (RLIN) 2986
245 ## - TITLE STATEMENT
Title Making of Clean India/
Statement of responsibility, etc. Praveen Kumar
260 ## - PUBLICATION, DISTRIBUTION, ETC.
Place of publication, distribution, etc. Delhi:
Name of publisher, distributor, etc. Aryan Publication,
Date of publication, distribution, etc. 2020
300 ## - PHYSICAL DESCRIPTION
Extent 152p.;
Dimensions 22 cm
650 ## - SUBJECT ADDED ENTRY--TOPICAL TERM
Topical term or geographic name entry element Social change
Geographic subdivision India
9 (RLIN) 707544
650 ## - SUBJECT ADDED ENTRY--TOPICAL TERM
Topical term or geographic name entry element Social movement
Geographic subdivision India
9 (RLIN) 1120002
887 ## - NON-MARC INFORMATION FIELD
Content of non-MARC field Bhaskar
887 ## - NON-MARC INFORMATION FIELD
Content of non-MARC field Pravinbp2
942 ## - ADDED ENTRY ELEMENTS (KOHA)
Source of classification or shelving scheme Dewey Decimal Classification
Koha item type Books
Holdings
Withdrawn status Lost status Source of classification or shelving scheme Materials specified (bound volume or other part) Damaged status Not for loan Collection code Home library Current library Shelving location Date acquired Source of acquisition Cost, normal purchase price Full call number Barcode Date last seen Cost, replacement price Price effective from Koha item type
    Dewey Decimal Classification pbk     New English National Library of India National Library of India New English - Main Stack Division 11/03/2021 328 800.00 E 303.30954 K 96 m DBA000181937ENG 16/03/2021 800.00 16/03/2021 Books
                                                                           
web counter

Copyright ©2020 The National Library of India, Govt. of India ↔ Hosted by NVLI, MOC ↔ Technology and Design by National Library of India, Ministry of Culture, Govt. of India